| 000 | 00486nam a22001937a 4500 | ||
|---|---|---|---|
| 005 | 20260306140822.0 | ||
| 008 | 260306b |||||||| |||| 00| 0 eng d | ||
| 020 |
_a978-1035031245 _cRs.750.00 |
||
| 040 | _aLoreto College | ||
| 041 | _aEnglish | ||
| 082 |
_aF _bEVE |
||
| 100 | _aEverett,Percival | ||
| 245 |
_aJames _cPercival Everett |
||
| 260 |
_aNew York _bDoubleday _c2024 |
||
| 300 | _a302p.;23cm. | ||
| 650 | _aFiction | ||
| 850 | _aLCBED | ||
| 942 | _cBK | ||
| 999 |
_c44263 _d94742 |
||